Galería fúnebre de espectros y sombras ensangrentadas

Salvato in:
Dettagli Bibliografici
Autore principale: Pérez Zaragoza, Agustín (Autore)
Natura: Libro
Lingua:spagnolo
Pubblicazione: Madrid Nacional 1977
Serie:Biblioteca de visionarios heterodoxos y marginales, 20
Soggetti:
Tags: Aggiungi Tag
Nessun Tag, puoi essere il primo ad aggiungerne!!

MARC

LEADER 00000nam a2200000 a 4500
001 UCV9323
003 CL-VaPUC
008 920807e19770000SP |||||||||||||||||spa|d
082 0 4 |a 863  |b PER  |2 21 
100 0 |a Pérez Zaragoza, Agustín  |e author  |9 303318 
245 1 0 |a Galería fúnebre de espectros y sombras ensangrentadas 
300 |a 533 p 
942 |c BK 
945 |d 19920807 00:00:00 
260 |a Madrid  |b Nacional  |c 1977 
650 0 |a Cuentos españoles  |9 267960 
650 7 |a LITERATURA FANTASTICA ESPAÑOLA  |2 CL-VaPUC  |9 267961 
583 |a last modification  |c 19920807 00:00:00  |k Rodrigo Vera 
490 0 |a Biblioteca de visionarios heterodoxos y marginales, 20 
999 |c 214681  |d 214679 
952 |0 0  |1 0  |4 0  |6 863_000000000000000_PER_1977  |7 0  |8 P  |9 198310  |a BIBARQ  |b BIBARQ  |d 2019-11-14  |i 2658089  |o 863 PER 1977  |p 2658089  |r 2025-01-20  |w 2019-11-14  |y BK  |k ARQ